00454nam a2200157Ia 4500003000900000008004100009040001600050080001500066100001900081245009800100260002400198300001000222650004100232650001500273650000800288IN-BaIIA211028s9999 xx 000 0 eng d cIIA Library a523.9bDAU aDauvillier, A. 0aPhysique solaire et geophysiquecA. Dauvillier  aParisbMassonc1962 a361p. aAstronomy and astrophysics thesaurus aGeophysics aSun